000 01131cam a2200289 i 4500
999 _c200453058
_d71270
003 TR-AnTOB
005 20240415112239.0
007 ta
008 080312s1959 tu 000 0 tu d
040 _aTR-AnTOB
_beng
_erda
_cTR-AnTOB
041 _atur
050 4 _aKKX3202
_b.T87 1959
090 4 _aTOBBK KKX3202
_b.T87 1959
110 2 2 _aTürkiye Ticaret Odaları, Sanayi Odaları ve Ticaret Borsaları Birliği
_965593
240 _aLoi pour i'encouragement du capital etranger
245 1 0 _aYabancı sermayeyi teşvik kanunu =
_bForeign investment encoıragement law = Loi pour i'encouragement du capital etranger = Gesetz zur förderung auslaendischen kapitals.
264 1 _aAnkara:
_bTürkiye Ticaret Odaları, Sanayi Odaları ve Ticaret Borsaları Birliği,
_c1959.
300 _a40 pages;
_c20cm
336 _atext
_btxt
_2rdacontent
337 _aunmediated
_bn
_2rdamedia
338 _avolume
_bnc
_2rdacarrier
650 0 _aYatırımlar, Dış
_xHukuk ve mevzuat
_zTürkiye
_9121761
710 2 2 _aTürkiye Odalar ve Borsalar Birliği
_918
942 _cBK
_2z